[Event "El Prat de Llobregat op 3rd"]
[Site "El Prat de Llobregat"]
[Date "2022.10.28"]
[Round "5"]
[White "Escoriza Pons, Xavier"]
[Black "Romeu Perulles, Jaume"]
[Result "1-0"]
[WhiteElo "1748"]
[BlackElo "1771"]
[PlyCount "62"]
[EventDate "2022.09.30"]
[EventType "swiss"]
[EventRounds "9"]
[EventCountry "ESP"]
[SourceTitle "EXT 2024"]
[Source "ChessBase"]
[SourceDate "2023.10.10"]
[SourceVersion "1"]
[SourceVersionDate "2023.10.10"]
[SourceQuality "1"]

1. c4 f5 2. g3 Nf6 3. Nc3 e6 4. Bg2 Be7 5. Nf3 d6 6. d4 0-0 7. 0-0 Qe8 8. Re1 d5 9. cxd5 exd5 10. Ne5 c6 11. Qb3 Kh8 12. Bd2 Nbd7 13. Nxd7 Nxd7 14. Rac1 Bf6 15. e3 Nb6 16. Na4 Nc4 17. Qc2 Be7 18. b3 Nd6 19. Bb4 Qh5 20. Bxd6 Bxd6 21. Nc5 Rf6 22. Qe2 Qf7 23. b4 b6 24. Nd3 Ba6 25. Ne5 Bxe2 26. Nxf7+ Rxf7 27. Rxe2 Rc7 28. b5 cxb5 29. Rxc7 Bxc7 30. Bxd5 Rd8 31. Be6 g6 1-0

[Event "Badalona op-B 42nd"]
[Site "Badalona"]
[Date "2016.08.07"]
[Round "6"]
[White "Romeu Perulles, Jaume"]
[Black "Martinez Hernandez, Emili"]
[Result "1-0"]
[WhiteElo "1937"]
[BlackElo "1789"]
[PlyCount "81"]
[EventDate "2016.08.02"]
[EventType "swiss"]
[EventRounds "9"]
[EventCountry "ESP"]
[SourceTitle "CBM 174 Extra"]
[Source "ChessBase"]
[SourceDate "2016.10.10"]
[SourceVersion "1"]
[SourceVersionDate "2016.10.10"]
[SourceQuality "1"]

1. e4 e6 2. d4 d5 3. e5 c5 4. c3 Nc6 5. Qg4 Qb6 6. Nf3 Nge7 7. Bd3 cxd4 8. 0-0 dxc3 9. bxc3 Ng6 10. Re1 Qc7 11. Qg3 Nce7 12. h4 f6 13. Bf4 Nxf4 14. Qxf4 Ng6 15. Bxg6+ hxg6 16. Qg4 Kf7 17. Nbd2 Be7 18. Rac1 Qd8 19. Qf4 f5 20. g4 Bxh4 21. g5 Rh5 22. Nxh4 Rxg5+ 23. Ng2 Rg4 24. Qh2 Rg5 25. Re3 Rh5 26. Rh3 Qg5 27. f4 Qg4 28. Rxh5 gxh5 29. Rf1 Bd7 30. Rf3 Bc6 31. Rg3 Qe2 32. Nf3 Bb5 33. Qxh5+ Kg8 34. Qh6 Qd1+ 35. Kh2 Kf8 36. Qxg7+ Ke8 37. Qg8+ Kd7 38. Rg7+ Kc6 39. Qxe6+ Kc5 40. Qd6+ Kc4 41. Ne3+ 1-0

[Event "Sant Boi op 36th"]
[Site "Sant Boi de Llobregat"]
[Date "2014.06.13"]
[Round "9"]
[White "Ramos Roldan, Miquel Angel"]
[Black "Romeu Perulles, Jaume"]
[Result "1/2-1/2"]
[WhiteElo "2003"]
[BlackElo "2060"]
[PlyCount "23"]
[EventDate "2014.04.04"]
[EventType "swiss"]
[EventRounds "9"]
[EventCountry "ESP"]
[SourceTitle "CBM 160 Extra"]
[Source "ChessBase"]
[SourceDate "2014.07.01"]
[SourceVersion "1"]
[SourceVersionDate "2014.07.01"]
[SourceQuality "1"]

1. e4 e5 2. Nf3 Nf6 3. Bc4 Nxe4 4. Qe2 d5 5. Nxe5 Be7 6. d4 0-0 7. Bd3 Nf6 8. 0-0 Re8 9. Bg5 c5 10. Bxf6 Bxf6 11. Bxh7+ Kxh7 12. Qh5+ 1/2-1/2

[Event "Sant Boi op 36th"]
[Site "Sant Boi de Llobregat"]
[Date "2014.06.06"]
[Round "8"]
[White "Bonay Toscas, Santiago"]
[Black "Romeu Perulles, Jaume"]
[Result "1/2-1/2"]
[WhiteElo "2027"]
[BlackElo "2060"]
[PlyCount "87"]
[EventDate "2014.04.04"]
[EventType "swiss"]
[EventRounds "9"]
[EventCountry "ESP"]
[SourceTitle "CBM 160 Extra"]
[Source "ChessBase"]
[SourceDate "2014.07.01"]
[SourceVersion "1"]
[SourceVersionDate "2014.07.01"]
[SourceQuality "1"]

1. d4 f5 2. Nc3 Nf6 3. Bg5 e6 4. e4 fxe4 5. Nxe4 Be7 6. Bxf6 Bxf6 7. Nxf6+ Qxf6 8. Nf3 0-0 9. Bd3 b6 10. 0-0 Bb7 11. Ne1 d6 12. c3 Nd7 13. Qc2 Qh6 14. Be4 d5 15. Bf3 c5 16. Rd1 Rf6 17. Qa4 Nf8 18. Nd3 cxd4 19. Qxd4 Ng6 20. Rfe1 Raf8 21. Ne5 Rf4 22. Qd2 Nh4 23. Bg4 Rxf2 24. Qxh6 Rxg2+ 25. Kh1 gxh6 26. Bxe6+ Kh8 27. Bxd5 Bxd5 28. Rxd5 Rff2 29. Rd8+ Kg7 30. Rg1 Rxg1+ 31. Kxg1 Rxb2 32. Rd4 Nf5 33. Ra4 a5 34. c4 Ne3 35. c5 bxc5 36. Rxa5 c4 37. Rc5 Rc2 38. a4 c3 39. Nf3 Nd1 40. a5 Ra2 41. Nd4 Ra1 42. Kg2 Ra2+ 43. Kg3 Rd2 44. Nf3 1/2-1/2